[Event "Warsaw Najdorf Memorial op-A 22nd"]
[Site "Warsaw"]
[Date "2025.07.15"]
[Round "8"]
[White "Niezhentsev, Kyrylo"]
[Black "Deszczynski, Adam"]
[Result "1-0"]
[WhiteElo "2207"]
[BlackElo "2281"]
[PlyCount "83"]
[EventDate "2025.07.08"]
[EventType "swiss"]
[EventRounds "9"]
[EventCountry "POL"]
[SourceTitle "CB29_2025"]
[SourceDate "2025.07.16"]
[SourceVersion "1"]
[SourceVersionDate "2025.07.16"]
[SourceQuality "1"]

1. e4 c5 2. Nf3 d6 3. Bb5+ Nd7 4. 0-0 a6 5. Bd3 Ngf6 6. Re1 e6 7. c3 Be7 8. Bc2 c4 9. d4 cxd3 10. Qxd3 0-0 11. a4 e5 12. a5 d5 13. exd5 e4 14. Qe2 exf3 15. Qxe7 Qxe7 16. Rxe7 Nxd5 17. Re1 fxg2 18. Nd2 N7f6 19. Nf3 Bg4 20. Kxg2 Rfd8 21. Ne5 Be6 22. Ra4 Rac8 23. Rd4 Ne7 24. Red1 Rxd4 25. Rxd4 Bd5+ 26. f3 Nc6 27. Nxc6 Bxc6 28. c4 Re8 29. Kf2 h6 30. b4 g5 31. Rd6 Re6 32. Rxe6 fxe6 33. Bb2 Kf7 34. Bxf6 Kxf6 35. Bd3 Bd7 36. b5 axb5 37. cxb5 Bc8 38. a6 bxa6 39. bxa6 Bxa6 40. Bxa6 h5 41. h3 Kf5 42. Kg3 1-0

[Event "Warsaw Najdorf Memorial op-A 22nd"]
[Site "Warsaw"]
[Date "2025.07.12"]
[Round "5"]
[White "Deszczynski, Adam"]
[Black "Nie, Xinyang"]
[Result "1/2-1/2"]
[WhiteElo "2281"]
[BlackElo "2381"]
[PlyCount "74"]
[EventDate "2025.07.08"]
[EventType "swiss"]
[EventRounds "9"]
[EventCountry "POL"]
[SourceTitle "CB29_2025"]
[SourceDate "2025.07.16"]
[SourceVersion "1"]
[SourceVersionDate "2025.07.16"]
[SourceQuality "1"]

1. e4 c5 2. Nf3 Nc6 3. Nc3 g6 4. d4 cxd4 5. Nxd4 Bg7 6. Be3 a6 7. Qd2 Nf6 8. f3 d5 9. exd5 Nxd5 10. Nxc6 bxc6 11. Bd4 Bxd4 12. Qxd4 0-0 13. 0-0-0 Be6 14. Bc4 Qa5 15. Bxd5 Rfd8 16. h4 Bxd5 17. Qe5 Qc5 18. Rhe1 Ra7 19. Qd4 Qxd4 20. Rxd4 Rad7 21. Na4 Kf8 22. Nc5 Rd6 23. c4 Bxf3 24. Rf4 Bxg2 25. Ne6+ Rxe6 26. Rxe6 Ke8 27. Re5 f5 28. Ra5 Ra8 29. Kd2 Be4 30. Ke3 h6 31. b4 Kd7 32. Rxe4 fxe4 33. Kxe4 Kc7 34. a3 Kd6 35. Kd4 Ra7 36. Ke4 Ra8 37. Kd4 Ra7 1/2-1/2

[Event "Warsaw Najdorf Memorial op-A 22nd"]
[Site "Warsaw"]
[Date "2025.07.10"]
[Round "3"]
[White "Deszczynski, Adam"]
[Black "Terkiewicz, Bruno"]
[Result "1-0"]
[WhiteElo "2281"]
[BlackElo "2109"]
[PlyCount "85"]
[EventDate "2025.07.08"]
[EventType "swiss"]
[EventRounds "9"]
[EventCountry "POL"]
[SourceTitle "CB29_2025"]
[SourceDate "2025.07.16"]
[SourceVersion "1"]
[SourceVersionDate "2025.07.16"]
[SourceQuality "1"]

1. d4 Nf6 2. Nf3 e6 3. c4 d5 4. Nc3 c6 5. e3 Nbd7 6. Qc2 Bd6 7. b3 0-0 8. Bb2 b6 9. Be2 Bb7 10. 0-0 Rc8 11. Rad1 Qe7 12. Qb1 Rfd8 13. g3 Bb8 14. Rfe1 Qf8 15. e4 dxe4 16. Nxe4 c5 17. Nxf6+ Nxf6 18. d5 exd5 19. Bxf6 gxf6 20. Nh4 Be5 21. Bf3 Rc7 22. Bxd5 Bxd5 23. Rxd5 Rxd5 24. cxd5 c4 25. bxc4 Rxc4 26. Nf5 Qc5 27. Qd3 Rc2 28. Qf3 Kf8 29. d6 Rc1 30. Qa8+ Qc8 31. Rxc1 Qxa8 32. d7 Qd8 33. Rc8 Bc7 34. g4 a5 35. Kf1 b5 36. Ke2 b4 37. Kd3 Bb6 38. Kc4 Bc7 39. Kb5 Bb6 40. f3 Bc7 41. Rxd8+ Bxd8 42. Nd4 Ke7 43. Nc6+ 1-0

[Event "Warsaw Najdorf Memorial op-A 22nd"]
[Site "Warsaw"]
[Date "2025.07.08"]
[Round "1"]
[White "Deszczynski, Adam"]
[Black "Flis, Piotr"]
[Result "1-0"]
[WhiteElo "2281"]
[BlackElo "2060"]
[PlyCount "53"]
[EventDate "2025.07.08"]
[EventType "swiss"]
[EventRounds "9"]
[EventCountry "POL"]
[SourceTitle "CB29_2025"]
[SourceDate "2025.07.16"]
[SourceVersion "1"]
[SourceVersionDate "2025.07.16"]
[SourceQuality "1"]

1. c4 e6 2. Nf3 f5 3. g3 c6 4. Bg2 d5 5. 0-0 Nf6 6. d4 Bd6 7. b3 Qe7 8. Bf4 Bxf4 9. gxf4 0-0 10. Nbd2 Ne4 11. e3 Bd7 12. Nxe4 fxe4 13. Ne5 Be8 14. cxd5 exd5 15. Qg4 Nd7 16. f3 exf3 17. Rxf3 Rf6 18. Raf1 Rd8 19. Qg5 Rc8 20. Bh3 h6 21. Qg2 Nxe5 22. dxe5 Rg6 23. Rg3 Rxg3 24. Qxg3 Bd7 25. f5 Kh8 26. f6 gxf6 27. exf6 1-0

[Event "Warsaw Najdorf Memorial op-A 20th"]
[Site "Warsaw"]
[Date "2023.07.16"]
[Round "6"]
[White "Korbal, Arkadiusz"]
[Black "Deszczynski, Adam"]
[Result "0-1"]
[WhiteElo "2080"]
[BlackElo "2321"]
[PlyCount "64"]
[EventDate "2023.07.11"]
[EventType "swiss"]
[EventRounds "9"]
[EventCountry "POL"]
[SourceTitle "EXT 2024"]
[Source "ChessBase"]
[SourceDate "2023.10.10"]
[SourceVersion "1"]
[SourceVersionDate "2023.10.10"]
[SourceQuality "1"]

1. d4 d6 2. c4 e5 3. Nf3 e4 4. Ng5 f5 5. Nc3 Be7 6. Nh3 Nf6 7. g3 0-0 8. Bg2 c6 9. 0-0 Na6 10. d5 Ng4 11. f3 exf3 12. exf3 Ne5 13. b3 Bf6 14. Be3 Nxc4 15. bxc4 Bxc3 16. Rb1 c5 17. Nf4 Nc7 18. Qd3 Bf6 19. Bh3 g6 20. g4 Be5 21. Ne6 Nxe6 22. dxe6 f4 23. Qd5 Qe7 24. Bxc5 Qxe6 25. Qxe6+ Bxe6 26. Rfe1 Bxc4 27. Rxb7 Rf7 28. Rxf7 Kxf7 29. Bf2 Bxa2 30. Rc1 a5 31. Rc7+ Kg8 32. g5 Bd5 0-1

[Event "Warsaw Najdorf Memorial op-A 20th"]
[Site "Warsaw"]
[Date "2023.07.14"]
[Round "4"]
[White "Jarzebowski, Kacper"]
[Black "Deszczynski, Adam"]
[Result "1/2-1/2"]
[WhiteElo "2134"]
[BlackElo "2321"]
[PlyCount "101"]
[EventDate "2023.07.11"]
[EventType "swiss"]
[EventRounds "9"]
[EventCountry "POL"]
[SourceTitle "EXT 2024"]
[Source "ChessBase"]
[SourceDate "2023.10.10"]
[SourceVersion "1"]
[SourceVersionDate "2023.10.10"]
[SourceQuality "1"]

1. d4 Nf6 2. Bg5 e6 3. Nd2 d5 4. e4 dxe4 5. Nxe4 Nbd7 6. Nf3 Be7 7. Nxf6+ Nxf6 8. Bd3 c5 9. 0-0 cxd4 10. Nxd4 0-0 11. c3 h6 12. Bh4 Bd7 13. Qe2 Re8 14. Rad1 Qb6 15. Nf3 Ba4 16. b3 Bc6 17. c4 a5 18. Ne5 Red8 19. Rfe1 Be8 20. g4 Rd4 21. Bg3 Rad8 22. Bc2 Bb4 23. Rxd4 Rxd4 24. Rd1 Qd8 25. h4 Rxd1+ 26. Qxd1 Qxd1+ 27. Bxd1 Ne4 28. Bf3 Nxg3 29. fxg3 Bd6 30. Nd3 b6 31. Kg2 g5 32. hxg5 hxg5 33. Be4 Kg7 34. Kf3 Bd7 35. Bb7 f5 36. Nf2 Bc5 37. Nd3 Kf6 38. Ba8 Bd6 39. Bb7 Ba3 40. Ba8 Bc5 41. Bb7 Be8 42. Nxc5 bxc5 43. Ke3 Ke5 44. gxf5 exf5 45. Kd3 Bg6 46. Kc3 f4 47. gxf4+ gxf4 48. Bf3 Be4 49. Bd1 f3 50. Bxf3 Bxf3 51. a3 1/2-1/2

[Event "Warsaw Najdorf Memorial op-A 19th"]
[Site "Warsaw"]
[Date "2022.07.12"]
[Round "4"]
[White "Deszczynski, Adam"]
[Black "Noe, Christopher"]
[Result "0-1"]
[WhiteElo "2321"]
[BlackElo "2505"]
[PlyCount "62"]
[EventDate "2022.07.09"]
[EventType "swiss"]
[EventRounds "9"]
[EventCountry "POL"]
[SourceTitle "CBM 209 Extra"]
[Source "ChessBase"]
[SourceDate "2022.09.30"]
[SourceVersion "1"]
[SourceVersionDate "2022.09.30"]
[SourceQuality "1"]

1. e4 c6 2. Nf3 d5 3. d3 e6 4. Qe2 Nf6 5. g3 Be7 6. Bg2 0-0 7. 0-0 c5 8. e5 Nfd7 9. h4 Nc6 10. Bf4 b5 11. Nbd2 a5 12. Rfe1 Ba6 13. Nf1 b4 14. Ne3 Nd4 15. Nxd4 cxd4 16. Ng4 Re8 17. Bg5 Bxg5 18. hxg5 Qxg5 19. f4 Qg6 20. Kf2 Nc5 21. Nh2 Rac8 22. Rad1 Ne4+ 23. dxe4 Bxe2 24. Rxe2 Rc4 25. Rdd2 Rec8 26. Nf3 dxe4 27. Nxd4 e3+ 28. Rxe3 Rxd4 29. Rxd4 Qxc2+ 30. Re2 Qc5 31. Red2 Rd8 0-1

[Event "Warsaw Najdorf Memorial op-A 19th"]
[Site "Warsaw"]
[Date "2022.07.09"]
[Round "1"]
[White "Wadelek, Karol"]
[Black "Deszczynski, Adam"]
[Result "0-1"]
[WhiteElo "1944"]
[BlackElo "2321"]
[PlyCount "86"]
[EventDate "2022.07.09"]
[EventType "swiss"]
[EventRounds "9"]
[EventCountry "POL"]
[SourceTitle "CBM 209 Extra"]
[Source "ChessBase"]
[SourceDate "2022.09.30"]
[SourceVersion "1"]
[SourceVersionDate "2022.09.30"]
[SourceQuality "1"]

1. d4 Nf6 2. Nf3 g6 3. c4 Bg7 4. Nc3 0-0 5. e4 d6 6. Be2 Na6 7. Bg5 c6 8. 0-0 h6 9. Bh4 g5 10. Bg3 Nh5 11. Qd2 Nxg3 12. hxg3 e5 13. dxe5 dxe5 14. Qe3 Qe7 15. Rad1 Nc5 16. Nh2 Ne6 17. Bg4 Nd4 18. Bxc8 Rfxc8 19. g4 Qb4 20. Rd2 Qxc4 21. Rfd1 Rd8 22. Nf1 Rd7 23. Ng3 Rad8 24. Kh1 a5 25. Nf5 Nxf5 26. gxf5 Rd4 27. f3 a4 28. a3 Qb3 29. Qe1 Bf6 30. Rxd4 exd4 31. Ne2 d3 32. Nc1 Qxb2 33. Rxd3 Rxd3 34. Nxd3 Qa1 35. Qxa1 Bxa1 36. Kg1 c5 37. Kf1 c4 38. Ne1 Bb2 39. Nc2 h5 40. Ke2 Kg7 41. Ne3 b5 42. Nd5 Bxa3 43. Nc3 Bb2 0-1

[Event "Warsaw Szansa Blitz op"]
[Site "Warsaw"]
[Date "2021.09.10"]
[Round "3"]
[White "Krasenkow, Michal"]
[Black "Deszczynski, Adam"]
[Result "1-0"]
[WhiteElo "2578"]
[BlackElo "2321"]
[PlyCount "80"]
[EventDate "2021.09.10"]
[EventType "swiss (blitz)"]
[EventRounds "11"]
[EventCountry "POL"]
[SourceTitle "CBM 204 Extra"]
[Source "ChessBase"]
[SourceDate "2021.11.30"]
[SourceVersion "1"]
[SourceVersionDate "2021.11.30"]
[SourceQuality "1"]

1. e4 e5 2. Nf3 Nc6 3. Bb5 a6 4. Ba4 g6 5. d4 exd4 6. Bg5 Be7 7. Bxe7 Qxe7 8. 0-0 Nf6 9. e5 Nd5 10. Nxd4 Nb6 11. Nxc6 dxc6 12. Bb3 0-0 13. f4 a5 14. a4 Be6 15. Bxe6 Qxe6 16. Nc3 f6 17. exf6 Rad8 18. Qf3 Qxf6 19. b3 Nd5 20. Nxd5 cxd5 21. Rae1 c6 22. Qe3 Rf7 23. Qc5 Rdd7 24. Qxa5 Qd4+ 25. Kh1 Rxf4 26. Qa8+ Kg7 27. Qe8 Rdf7 28. Rxf4 Qxf4 29. h3 Qf5 30. Qe5+ Qxe5 31. Rxe5 Kf6 32. Re8 Re7 33. Rb8 Ke5 34. Rf8 Kd4 35. Rf3 c5 36. Rd3+ Ke4 37. Kg1 Rf7 38. Rc3 b6 39. Rg3 Kd4 40. Rd3+ Ke4 1-0

[Event "Warsaw Najdorf Memorial op-A 18th"]
[Site "Warsaw"]
[Date "2021.07.15"]
[Round "6"]
[White "Deszczynski, Adam"]
[Black "Chomczyk, Marek"]
[Result "1-0"]
[WhiteElo "2311"]
[BlackElo "2194"]
[PlyCount "107"]
[EventDate "2021.07.10"]
[EventType "swiss"]
[EventRounds "9"]
[EventCountry "POL"]
[SourceTitle "CBM 203 Extra"]
[Source "ChessBase"]
[SourceDate "2021.09.30"]
[SourceVersion "1"]
[SourceVersionDate "2021.09.30"]
[SourceQuality "1"]

1. e4 c6 2. d4 d5 3. Nc3 dxe4 4. Nxe4 Nf6 5. Nxf6+ exf6 6. c3 Bd6 7. Bd3 0-0 8. Qc2 Re8+ 9. Ne2 h5 10. 0-0 h4 11. h3 Nd7 12. Be3 Nf8 13. Nf4 Bc7 14. Rfe1 Ne6 15. Nxe6 Bxe6 16. f4 b5 17. Re2 Qd6 18. Rae1 Re7 19. Bc1 Rae8 20. a3 g5 21. Qd1 Kg7 22. Kf1 Bd5 23. Rxe7 Rxe7 24. Rxe7 Qxe7 25. Qh5 Be4 26. Bxe4 Qxe4 27. fxg5 f5 28. g6 Qd3+ 29. Kg1 Bh2+ 30. Kh1 Qf1+ 31. Kxh2 Qxc1 32. Qh7+ Kf6 33. Qxf7+ Kg5 34. Qc7 Kxg6 35. Qxc6+ Kg5 36. Qc7 Qxb2 37. d5 Qd2 38. Qg7+ Kh5 39. Qh7+ Kg5 40. Qe7+ Kg6 41. Qe6+ Kg5 42. Qe5 a5 43. d6 Kg6 44. Qe8+ Kg5 45. Qe7+ Kh5 46. d7 Qf4+ 47. Kg1 Qc1+ 48. Kf2 Qf4+ 49. Ke2 Qc4+ 50. Kd2 Qf4+ 51. Qe3 Qd6+ 52. Qd3 Qf4+ 53. Kd1 Qa4+ 54. Ke2 1-0

[Event "Warsaw Najdorf Memorial op-A 18th"]
[Site "Warsaw"]
[Date "2021.07.12"]
[Round "3"]
[White "Kacprzak, Karol1"]
[Black "Deszczynski, Adam"]
[Result "1/2-1/2"]
[WhiteElo "2151"]
[BlackElo "2311"]
[PlyCount "43"]
[EventDate "2021.07.10"]
[EventType "swiss"]
[EventRounds "9"]
[EventCountry "POL"]
[SourceTitle "EXT 2022"]
[Source "ChessBase"]
[SourceDate "2021.10.06"]
[SourceVersion "1"]
[SourceVersionDate "2021.10.06"]
[SourceQuality "1"]

1. d4 d5 2. c4 c6 3. Nf3 Nf6 4. e3 a6 5. Bd3 Bg4 6. Nbd2 e6 7. b3 Nbd7 8. 0-0 Bh5 9. Bb2 Be7 10. e4 dxe4 11. Nxe4 Nxe4 12. Bxe4 Nf6 13. Bc2 Qc7 14. Qd3 Rd8 15. Ne5 Bg6 16. Qe2 Bxc2 17. Qxc2 0-0 18. Rad1 c5 19. Rfe1 cxd4 20. Bxd4 Bc5 21. Bxc5 Qxc5 22. Qe2 1/2-1/2

[Event "Warsaw-ch 68th"]
[Site "Warsaw"]
[Date "2019.11.16"]
[Round "5"]
[White "Paprocki, Jaroslaw"]
[Black "Deszczynski, Adam"]
[Result "1/2-1/2"]
[WhiteElo "2184"]
[BlackElo "2291"]
[PlyCount "41"]
[EventDate "2019.11.12"]
[EventType "swiss"]
[EventRounds "9"]
[EventCountry "POL"]
[SourceTitle "CBM 193 Extra"]
[Source "ChessBase"]
[SourceDate "2020.01.31"]
[SourceVersion "1"]
[SourceVersionDate "2020.01.31"]
[SourceQuality "1"]

1. d4 Nf6 2. c4 g6 3. Nc3 Bg7 4. e4 d6 5. Be2 c5 6. d5 e6 7. Bg5 h6 8. Be3 exd5 9. exd5 Qe7 10. h3 Bf5 11. Bd3 Ne4 12. Nge2 Nd7 13. 0-0 0-0 14. Bxe4 Bxe4 15. f3 Bf5 16. Qd2 Ne5 17. b3 Bd3 18. Bxh6 Bxh6 19. Qxh6 Bxe2 20. Nxe2 Nxc4 21. bxc4 1/2-1/2

[Event "Warsaw-ch 68th"]
[Site "Warsaw"]
[Date "2019.11.12"]
[Round "1"]
[White "Deszczynski, Adam"]
[Black "Siekierski, Pawel"]
[Result "1-0"]
[WhiteElo "2291"]
[BlackElo "1959"]
[PlyCount "119"]
[EventDate "2019.11.12"]
[EventType "swiss"]
[EventRounds "9"]
[EventCountry "POL"]
[SourceTitle "CBM 193 Extra"]
[Source "ChessBase"]
[SourceDate "2020.01.31"]
[SourceVersion "1"]
[SourceVersionDate "2020.01.31"]
[SourceQuality "1"]

1. e4 c5 2. Nf3 d6 3. d4 cxd4 4. Nxd4 Nf6 5. Nc3 a6 6. Be3 e5 7. Nf3 Qc7 8. a4 b6 9. Be2 Be7 10. 0-0 0-0 11. Bg5 Be6 12. Bxf6 Bxf6 13. Nd5 Bxd5 14. Qxd5 Nd7 15. c3 Be7 16. Nd2 Nf6 17. Qb3 Qc6 18. Bc4 Ra7 19. Rfe1 g6 20. g3 Kg7 21. Kg2 Bd8 22. f3 Qc5 23. Qa3 Qc7 24. Red1 Be7 25. Qb3 Qc5 26. Nf1 Nd7 27. Bd3 Nf6 28. Be2 Rd8 29. Bc4 Bf8 30. Rd3 Rb8 31. Bd5 b5 32. Ne3 Nxd5 33. Nxd5 f5 34. a5 Rf7 35. Re1 Qc8 36. Nb6 Qc6 37. Qd5 Qxd5 38. Nxd5 fxe4 39. fxe4 Rc8 40. Rf3 Be7 41. Nb4 Rxf3 42. Kxf3 Bd8 43. Ra1 Ra8 44. Ke2 Kf7 45. Kd3 Ke6 46. Nd5 Ra7 47. Rf1 Be7 48. b4 Bg5 49. Rf8 Be7 50. Re8 Kf7 51. Rh8 h5 52. Rh7+ Kf8 53. c4 bxc4+ 54. Kxc4 Rb7 55. Rxe7 Rxe7 56. Nxe7 Kxe7 57. b5 axb5+ 58. Kxb5 Kd7 59. a6 Kc7 60. a7 1-0

[Event "POL-ch rapid"]
[Site "Zgierz"]
[Date "2019.10.06"]
[Round "3"]
[White "Deszczynski, Adam"]
[Black "Cyborowski, Lukasz"]
[Result "0-1"]
[WhiteElo "2291"]
[BlackElo "2509"]
[PlyCount "48"]
[EventDate "2019.10.06"]
[EventType "swiss (rapid)"]
[EventRounds "11"]
[EventCountry "POL"]
[SourceTitle "EXT 2020"]
[Source "ChessBase"]
[SourceDate "2019.10.17"]
[SourceVersion "1"]
[SourceVersionDate "2019.10.17"]
[SourceQuality "1"]

1. e4 c5 2. Nf3 Nc6 3. Bb5 g6 4. 0-0 Bg7 5. c3 Nf6 6. Re1 0-0 7. h3 e5 8. d3 d6 9. a4 h6 10. Be3 Kh7 11. Nbd2 Nh5 12. Bxc6 bxc6 13. d4 cxd4 14. cxd4 exd4 15. Nxd4 c5 16. Nb5 a6 17. Nc3 Be6 18. Rc1 Rb8 19. Qe2 Rxb2 20. Qxa6 Bd4 21. Nc4 Bxe3 22. Rxe3 Nf4 23. Qxd6 Qg5 24. Rg3 Nxh3+ 0-1

[Event "Warsaw Najdorf Memorial op-A 17th"]
[Site "Warsaw"]
[Date "2019.07.13"]
[Round "8"]
[White "Deszczynski, Adam"]
[Black "Wisniewski, Michal"]
[Result "1-0"]
[WhiteElo "2304"]
[BlackElo "2103"]
[PlyCount "67"]
[EventDate "2019.07.06"]
[EventType "swiss"]
[EventRounds "9"]
[EventCountry "POL"]
[SourceTitle "CBM 191 Extra"]
[Source "ChessBase"]
[SourceDate "2019.09.30"]
[SourceVersion "1"]
[SourceVersionDate "2019.09.30"]
[SourceQuality "1"]

1. e4 d6 2. d4 Nf6 3. Nc3 g6 4. Nf3 c6 5. a4 Bg7 6. Be2 0-0 7. 0-0 Qc7 8. Re1 e5 9. a5 Re8 10. Bf1 Bg4 11. Be3 d5 12. h3 Bxf3 13. Qxf3 Nbd7 14. exd5 e4 15. Qf4 Qxf4 16. Bxf4 Nxd5 17. Nxd5 cxd5 18. a6 b6 19. Bb5 Red8 20. Bc7 Rdc8 21. Bc6 Rxc7 22. Bxa8 Nf6 23. c3 Bh6 24. Re2 Kf8 25. g3 Ke7 26. f3 Kd6 27. Kg2 exf3+ 28. Kxf3 Ne4 29. Ra3 f5 30. Kg2 f4 31. gxf4 Bxf4 32. Rb3 g5 33. Bb7 h5 34. Rxb6+ 1-0

[Event "Warsaw Najdorf Memorial op-A 17th"]
[Site "Warsaw"]
[Date "2019.07.11"]
[Round "6"]
[White "Deszczynski, Adam"]
[Black "Kopylov, Daniel"]
[Result "0-1"]
[WhiteElo "2304"]
[BlackElo "2209"]
[PlyCount "100"]
[EventDate "2019.07.06"]
[EventType "swiss"]
[EventRounds "9"]
[EventCountry "POL"]
[SourceTitle "CBM 191 Extra"]
[Source "ChessBase"]
[SourceDate "2019.09.30"]
[SourceVersion "1"]
[SourceVersionDate "2019.09.30"]
[SourceQuality "1"]

1. e4 c5 2. Nf3 d6 3. d4 cxd4 4. Nxd4 Nf6 5. Nc3 Nc6 6. Bg5 e6 7. Qd2 a6 8. 0-0-0 Bd7 9. f3 Be7 10. Kb1 Qc7 11. h4 h6 12. Be3 h5 13. Bg5 Nxd4 14. Qxd4 b5 15. Qd2 b4 16. Ne2 a5 17. Nd4 Rb8 18. Bd3 a4 19. Rhe1 e5 20. Ne2 Be6 21. Ng3 a3 22. b3 g6 23. Nf1 Nd7 24. Bxe7 Kxe7 25. Ne3 Qc5 26. Bc4 Rhd8 27. Bxe6 fxe6 28. Nc4 Nf6 29. Qe3 Rbc8 30. Qxc5 Rxc5 31. Rd2 Ne8 32. Red1 Rdc8 33. Rd3 R8c6 34. R1d2 Ra6 35. Kc1 Rcc6 36. Kd1 Nc7 37. c3 bxc3 38. Rc2 Nb5 39. Ne3 Ra8 40. Kc1 Nd4 41. Rcxc3 Ne2+ 42. Kd2 Nxc3 43. Rxc3 Rxc3 44. Kxc3 Rc8+ 45. Kb4 Rc1 46. Kxa3 Re1 47. Nc4 Re2 48. b4 Rxg2 49. b5 Kd7 50. Kb3 g5 0-1

[Event "Warsaw Najdorf Memorial op-A 17th"]
[Site "Warsaw"]
[Date "2019.07.08"]
[Round "3"]
[White "Ali Marandi, Cemil Can"]
[Black "Deszczynski, Adam"]
[Result "1/2-1/2"]
[WhiteElo "2527"]
[BlackElo "2304"]
[PlyCount "54"]
[EventDate "2019.07.06"]
[EventType "swiss"]
[EventRounds "9"]
[EventCountry "POL"]
[SourceTitle "CBM 191 Extra"]
[Source "ChessBase"]
[SourceDate "2019.09.30"]
[SourceVersion "1"]
[SourceVersionDate "2019.09.30"]
[SourceQuality "1"]

1. d4 d5 2. Bf4 Nf6 3. e3 c5 4. c3 Nc6 5. Nd2 Bf5 6. Qb3 Qd7 7. Ngf3 c4 8. Qd1 h6 9. b3 cxb3 10. axb3 e6 11. Bb5 Bd6 12. Ne5 Qc7 13. g4 Bh7 14. h4 Nd7 15. Nxd7 Bxf4 16. exf4 Kxd7 17. Qf3 a6 18. Be2 Rac8 19. h5 Qd6 20. Qe3 f6 21. 0-0 g6 22. b4 gxh5 23. gxh5 Rcg8+ 24. Kh1 Ne7 25. Rg1 Nf5 26. Qf3 Nh4 27. Qe3 Nf5 1/2-1/2

[Event "Warsaw Najdorf Memorial op-A 17th"]
[Site "Warsaw"]
[Date "2019.07.06"]
[Round "1"]
[White "Malinowski, Damian"]
[Black "Deszczynski, Adam"]
[Result "1/2-1/2"]
[WhiteElo "2019"]
[BlackElo "2304"]
[PlyCount "113"]
[EventDate "2019.07.06"]
[EventType "swiss"]
[EventRounds "9"]
[EventCountry "POL"]
[SourceTitle "CBM 191 Extra"]
[Source "ChessBase"]
[SourceDate "2019.09.30"]
[SourceVersion "1"]
[SourceVersionDate "2019.09.30"]
[SourceQuality "1"]

1. c4 c5 2. Nc3 Nc6 3. g3 g6 4. Bg2 Bg7 5. e4 d6 6. d3 Nh6 7. Nge2 0-0 8. 0-0 f5 9. f3 Rb8 10. Be3 a6 11. Qd2 Nf7 12. d4 cxd4 13. Nxd4 Nxd4 14. Bxd4 Bxd4+ 15. Qxd4 e5 16. Qe3 Be6 17. b3 b5 18. cxb5 axb5 19. Rfd1 b4 20. Na4 fxe4 21. fxe4 Qe7 22. Nb2 Ng5 23. Rf1 Nh3+ 24. Kh1 Ra8 25. Nd3 Rxf1+ 26. Bxf1 Qg5 27. Qxg5 Nxg5 28. Bg2 Bxb3 29. Nxb4 Ba4 30. h4 Ne6 31. Nd5 Rb8 32. Rf1 Nc5 33. Rf6 Rd8 34. Rf2 Kg7 35. Kh2 Bc6 36. Kg1 Bxd5 37. exd5 Rb8 38. Bh3 h5 39. Kh2 Rb7 40. Bg2 Rb6 41. Bh3 Rb7 42. Bg2 Ra7 43. Bf1 Ra3 44. Rg2 Kf6 45. Bc4 e4 46. g4 Ke5 47. gxh5 gxh5 48. Be2 Kxd5 49. Bxh5 Ne6 50. Bf7 Ke5 51. Bxe6 Kxe6 52. h5 Ra5 53. Rg6+ Kf7 54. Rxd6 Rxh5+ 55. Kg3 Ra5 56. Kf4 Rxa2 57. Kxe4 1/2-1/2

[Event "Warsaw-chA 67th"]
[Site "Warsaw"]
[Date "2018.11.15"]
[Round "4"]
[White "Deszczynski, Adam"]
[Black "Goslawski, Michal"]
[Result "1/2-1/2"]
[WhiteElo "2315"]
[BlackElo "2099"]
[PlyCount "86"]
[EventDate "2018.11.12"]
[EventType "swiss"]
[EventRounds "9"]
[EventCountry "POL"]
[SourceTitle "CBM 187 Extra"]
[Source "ChessBase"]
[SourceDate "2018.11.04"]
[SourceVersion "1"]
[SourceVersionDate "2018.11.04"]
[SourceQuality "1"]

1. e4 e5 2. Bc4 Nf6 3. d3 c6 4. Nf3 d5 5. Bb3 Bd6 6. Nc3 dxe4 7. Ng5 0-0 8. Ncxe4 Nxe4 9. Nxe4 Bf5 10. Qf3 Bxe4 11. dxe4 Nd7 12. c3 a5 13. 0-0 a4 14. Bc2 Nc5 15. Be3 Qe7 16. Rfd1 b5 17. Rd2 Rad8 18. b3 axb3 19. axb3 b4 20. cxb4 Ne6 21. Ra6 Rc8 22. Ra7 Rc7 23. Rxc7 Bxc7 24. Bd3 Qxb4 25. Bc4 Qe7 26. Qd1 Rd8 27. Bxe6 Rxd2 28. Bxf7+ Qxf7 29. Bxd2 Bb6 30. Qf3 Qe6 31. g3 Bd4 32. Kg2 h6 33. Qd3 Qf6 34. Qf3 Qe6 35. h4 c5 36. Qd3 Qf6 37. f3 Kh7 38. Qc4 Qb6 39. h5 Qa7 40. Qa4 Qb6 41. g4 Qd8 42. Qc6 Qh4 43. Qg6+ Kh8 1/2-1/2

[Event "Warsaw-chA 67th"]
[Site "Warsaw"]
[Date "2018.11.13"]
[Round "2"]
[White "Deszczynski, Adam"]
[Black "Zelak, Wladyslaw"]
[Result "1-0"]
[WhiteElo "2315"]
[BlackElo "1815"]
[PlyCount "79"]
[EventDate "2018.11.12"]
[EventType "swiss"]
[EventRounds "9"]
[EventCountry "POL"]
[SourceTitle "CBM 187 Extra"]
[Source "ChessBase"]
[SourceDate "2018.11.04"]
[SourceVersion "1"]
[SourceVersionDate "2018.11.04"]
[SourceQuality "1"]

1. d4 Nf6 2. c4 g6 3. Nc3 Bg7 4. e4 0-0 5. Nf3 d6 6. h3 e5 7. d5 a5 8. Be3 Na6 9. Nd2 Nc5 10. g4 Bd7 11. Rg1 Ne8 12. Be2 Qe7 13. Qc2 f5 14. gxf5 gxf5 15. 0-0-0 f4 16. Bxc5 dxc5 17. Bg4 Bxg4 18. Rxg4 Nf6 19. Rg5 Kh8 20. Nf3 Nd7 21. Rdg1 Bf6 22. R5g4 Rg8 23. Qb3 Nb6 24. Na4 Nxa4 25. Qxa4 b6 26. Qc6 Rad8 27. Rxg8+ Rxg8 28. Rxg8+ Kxg8 29. Kc2 Kf7 30. Kb3 Bg7 31. Ka4 Bf8 32. Kb5 Qd6 33. Ng5+ Kg6 34. Ne6 Be7 35. Qe8+ Kh6 36. Qf7 Qd7+ 37. Ka6 Qc8+ 38. Ka7 Qd7 39. Qg7+ Kh5 40. Qxh7# 1-0

[Event "Warsaw-chA 67th"]
[Site "Warsaw"]
[Date "2018.11.12"]
[Round "1"]
[White "Majek, Kacper"]
[Black "Deszczynski, Adam"]
[Result "0-1"]
[WhiteElo "2052"]
[BlackElo "2315"]
[PlyCount "88"]
[EventDate "2018.11.12"]
[EventType "swiss"]
[EventRounds "9"]
[EventCountry "POL"]
[SourceTitle "CBM 187 Extra"]
[Source "ChessBase"]
[SourceDate "2018.11.04"]
[SourceVersion "1"]
[SourceVersionDate "2018.11.04"]
[SourceQuality "1"]

1. Nf3 c5 2. e4 a6 3. g3 Nc6 4. Bg2 g6 5. 0-0 Bg7 6. d3 d6 7. c3 e5 8. Be3 Nge7 9. Nbd2 0-0 10. Nb3 f5 11. Bg5 h6 12. Bxe7 Nxe7 13. Re1 Rb8 14. Qe2 Rf7 15. d4 cxd4 16. cxd4 fxe4 17. Qxe4 Bf5 18. Qe2 e4 19. Nfd2 d5 20. f3 Nc6 21. fxe4 dxe4 22. Nxe4 Nxd4 23. Nxd4 Qxd4+ 24. Kh1 Re7 25. Rad1 Qb4 26. a3 Qxb2 27. Qc4+ Kh8 28. Nd6 Rxe1+ 29. Rxe1 Qd2 30. Nf7+ Kh7 31. Qe2 Qxe2 32. Rxe2 Bf8 33. a4 b6 34. Bc6 Bc5 35. Kg2 Kg7 36. Ne5 Rd8 37. g4 Bc8 38. Be4 Re8 39. Bc6 Re7 40. Kf3 Bd6 41. Nc4 Bxg4+ 42. Kxg4 Rxe2 43. Nxd6 Re6 44. Ne8+ Kf8 0-1